Reproduction : (Record no. 3314)

MARC details
000 -LEADER
fixed length control field 00459nam a2200169 4500
005 - DATE AND TIME OF LATEST TRANSACTION
control field 20150327125827.0
007 - PHYSICAL DESCRIPTION FIXED FIELD--GENERAL INFORMATION
fixed length control field 000
008 - FIXED-LENGTH DATA ELEMENTS--GENERAL INFORMATION
fixed length control field 000
050 ## - LIBRARY OF CONGRESS CALL NUMBER
Classification number QH581.2
Item number .R4 1965
245 ## - TITLE STATEMENT
Title Reproduction :
Remainder of title molecular, subcellular, and cellular /
Statement of responsibility, etc edited by Michael Locke
260 ## - PUBLICATION, DISTRIBUTION, ETC. (IMPRINT)
Place of publication, distribution, etc New York :
Name of publisher, distributor, etc Academic Press ,
Date of publication, distribution, etc c1965.
300 ## - PHYSICAL DESCRIPTION
Extent xi, 344 p. :
Other physical details ill.
500 ## - GENERAL NOTE
General note includes indexes
650 ## - SUBJECT ADDED ENTRY--TOPICAL TERM
Topical term or geographic name as entry element Reproduction
General subdivision Biology
700 ## - ADDED ENTRY--PERSONAL NAME
Personal name Locke, Michael
942 ## - ADDED ENTRY ELEMENTS (KOHA)
Source of classification or shelving scheme Library of Congress Classification
Item type Loan - Normal on open shelf
Holdings
Withdrawn status Lost status Source of classification or shelving scheme Damaged status Not for loan Home library Current library Shelving location Date acquired Total Checkouts Full call number Barcode Date last seen Copy number Price effective from Koha item type
    Library of Congress Classification     UOE Main Library UOE Main Library Open shelf 27/03/2015   QH581.2 .R4 1965 30001083 27/04/2026 30001083 27/03/2015 Loan - Normal on open shelf